[Event "Klatov Bazar Besiny Cup 2018"]
[Site "Klatovy"]
[Date "2018.07.07"]
[Round "8"]
[White "Kopta, Pavel"]
[Black "Pulpan, Jakub"]
[Result "0-1"]
[WhiteElo "2210"]
[BlackElo "2386"]
[Annotator "NA"]
[PlyCount "106"]
[EventDate "2018.07.01"]
[EventType "swiss"]
[EventCountry "CZE"]
[SourceTitle "playchess.com"]
[Source "ChessBase"]
[SourceQuality "1"]
[TimeControl "40/7200:0"]

1. d4 {[%emt 0:00:00]} Nf6 {[%emt 0:00:00]} 2. c4 {[%emt 0:00:00]} d6 {[%emt 0:00:00]} 3. Nc3 {[%emt 0:00:00]} Bf5 {[%emt 0:00:00]} 4. f3 {[%emt 0:01:23]} e5 {[%emt 0:00:00]} 5. dxe5 {[%emt 0:00:43]} dxe5 {[%emt 0:00:00]} 6. Qxd8+ {[%emt 0:00:00]} Kxd8 {[%emt 0:00:00]} 7. e4 {[%emt 0:02:37]} Be6 {[%emt 0:00:30]} 8. Be3 {[%emt 0:02:02]} c6 {[%emt 0:00:10]} 9. Bd3 {[%emt 0:07:56]} Nbd7 {[%emt 0:01:01]} 10. Nge2 {[%emt 0:01:19]} Bc5 {[%emt 0:19:40]} 11. Kf2 {[%emt 0:01:53]} Bxe3+ {[%emt 0:14:45]} 12. Kxe3 {[%emt 0:00:46]} Nc5 {[%emt 0:00:00]} 13. Rhd1 {[%emt 0:00:24]} Ke7 {[%emt 0:00:56]} 14. b3 {[%emt 0:03:51]} a5 {[%emt 0:00:37]} 15. Rab1 {[%emt 0:07:55]} Nfd7 {[%emt 0:19:34]} 16. Bc2 {[%emt 0:02:20]} Nb6 {[%emt 0:13:33]} 17. Nc1 {[%emt 0:08:47]} Rhd8 {[%emt 0:02:36]} 18. Nd3 {[%emt 0:05:50]} Nbd7 {[%emt 0:03:54]} 19. Nb2 {[%emt 0:04:16]} f6 {[%emt 0:02:22]} 20. Rd2 {[%emt 0:01:34]} Nb6 {[%emt 0:02:29]} 21. Nd3 {[%emt 0:05:26]} Nxd3 {[%emt 0:10:05]} 22. Bxd3 {[%emt 0:01:29]} Rd4 {[%emt 0:07:09]} 23. c5 {[%emt 0:01:31]} Nd7 {[%emt 0:00:04]} 24. Na4 {[%emt 0:00:15]} Rd8 {[%emt 0:00:16]} 25. Rc1 {[%emt 0:02:56]} g6 {[%emt 0:02:49]} 26. g4 {[%emt 0:03:16]} g5 {[%emt 0:00:55]} 27. Rcc2 {[%emt 0:00:19]} h5 {[%emt 0:00:35]} 28. h3 {[%emt 0:00:16]} Nf8 {[%emt 0:00:50]} 29. gxh5 {[%emt 0:11:28]} Kf7 {[%emt 0:00:26]} 30. Nb6 {[%emt 0:01:53]} Kg7 {[%emt 0:02:26]} 31. Bf1 {[%emt 0:09:46]} Kh6 {[%emt 0:00:00]} 32. Bc4 {[%emt 0:00:23]} Bxh3 {[%emt 0:02:31]} 33. Rxd4 {[%emt 0:03:54]} exd4+ {[%emt 0:01:06]} 34. Kf2 {[%emt 0:02:35]} Ne6 {[%emt 0:01:41]} 35. Kg3 {[%emt 0:02:15]} Nf4 {[%emt 0:02:28]} 36. Rd2 {[%emt 0:01:35]} Kxh5 {[%emt 0:00:12]} 37. Bf7+ {[%emt 0:00:26]} Kh6 {[%emt 0:00:00]} 38. Nc4 {[%emt 0:03:36]} Kg7 {[%emt 0:00:00]} 39. Bh5 {[%emt 0:00:00]} Be6 {[%emt 0:00:00]} 40. Bg4 {[%emt 0:00:00]} Bxc4 {[%emt 0:00:00]} 41. bxc4 {[%emt 1:58:54]} d3 {[%emt 1:58:48]} 42. Kf2 {[%emt 0:00:43]} Rd4 {[%emt 0:00:08]} 43. Ke3 {[%emt 0:00:08]} Rxc4 {[%emt 0:00:00]} 44. Rb2 {[%emt 0:00:00]} Rxc5 {[%emt 0:00:00]} 45. Rxb7+ {[%emt 0:00:00]} Kf8 {[%emt 0:00:00]} 46. Rb8+ {[%emt 0:01:44]} Ke7 {[%emt 0:00:00]} 47. Rb7+ {[%emt 0:00:00]} Kd8 {[%emt 0:00:00]} 48. Rd7+ {[%emt 0:00:00]} Ke8 {[%emt 0:00:00]} 49. Rd6 {[%emt 0:00:13]} Rc2 {[%emt 0:00:00]} 50. e5 {[%emt 0:04:51]} Re2+ {[%emt 0:00:00]} 51. Kd4 {[%emt 0:00:00]} Rxe5 {[%emt 0:00:00]} 52. Kc3 {[%emt 0:00:00]} Rc5+ {[%emt 0:00:00]} 53. Kd2 {[%emt 0:00:00]} f5 {[%emt 0:00:00]} 0-1

[Event "Klatov Bazar Besiny Cup 2018"]
[Site "Klatovy"]
[Date "2018.07.07"]
[Round "8"]
[White "Toman, Ondrej"]
[Black "Simek, Petr"]
[Result "1-0"]
[WhiteElo "2197"]
[BlackElo "2354"]
[Annotator "NA"]
[PlyCount "111"]
[EventDate "2018.07.01"]
[EventType "swiss"]
[EventCountry "CZE"]
[SourceTitle "playchess.com"]
[Source "ChessBase"]
[SourceQuality "1"]
[TimeControl "40/7200:0"]

1. e4 {[%emt 0:00:00]} c5 {[%emt 0:00:00]} 2. Nf3 {[%emt 0:00:00]} e6 {[%emt 0:00:00]} 3. b3 {[%emt 0:00:00]} b6 {[%emt 0:00:00]} 4. Bb2 {[%emt 0:00:00]} Bb7 {[%emt 0:00:00]} 5. Nc3 {[%emt 0:00:00]} a6 {[%emt 0:00:00]} 6. g3 {[%emt 0:02:58]} Nf6 {[%emt 0:00:00]} 7. Qe2 Nc6 {[%emt 0:01:34]} 8. Bg2 {[%emt 0:03:32]} d6 {[%emt 0:00:00]} 9. O-O {[%emt 0:05:37]} Be7 {[%emt 0:04:18]} 10. Rad1 {[%emt 0:09:25]} O-O {[%emt 0:00:00]} 11. d4 {[%emt 0:00:49]} cxd4 {[%emt 0:00:00]} 12. Nxd4 {[%emt 0:00:00]} Qc7 {[%emt 0:00:20]} 13. Rd2 {[%emt 0:03:16]} Rac8 {[%emt 0:21:28]} 14. h3 {[%emt 0:09:05]} Rfe8 {[%emt 0:03:27]} 15. Kh2 {[%emt 0:03:26]} b5 {[%emt 0:16:30]} 16. f4 {[%emt 0:05:22]} Nxd4 {[%emt 0:07:47]} 17. Rxd4 {[%emt 0:00:03]} e5 {[%emt 0:00:00]} 18. Rd2 {[%emt 0:04:01]} exf4 {[%emt 0:07:30]} 19. gxf4 {[%emt 0:03:45]} Bf8 {[%emt 0:09:47]} 20. Qd3 {[%emt 0:04:36]} Qc5 {[%emt 0:04:08]} 21. Rg1 {[%emt 0:05:16]} Qh5 {[%emt 0:04:22]} 22. Qg3 {[%emt 0:08:41]} Qh6 {[%emt 0:01:37]} 23. Bf3 {[%emt 0:15:34]} b4 {[%emt 0:03:41]} 24. Nd5 {[%emt 0:01:14]} Bxd5 {[%emt 0:00:00]} 25. exd5 {[%emt 0:02:41]} Re3 {[%emt 0:05:10]} 26. Rdg2 {[%emt 0:05:05]} Nh5 {[%emt 0:00:04]} 27. Qg4 {[%emt 0:04:54]} Qxf4+ {[%emt 0:00:00]} 28. Qxf4 {[%emt 0:00:00]} Nxf4 {[%emt 0:00:00]} 29. Rf2 {[%emt 0:00:00]} Rce8 {[%emt 0:04:37]} 30. Rg4 {[%emt 0:00:33]} Rxf3 {[%emt 0:11:49]} 31. Rxf3 {[%emt 0:00:00]} Re2+ {[%emt 0:00:00]} 32. Kg1 {[%emt 0:05:02]} Nxd5 33. Bxg7 {[%emt 0:00:35]} Bxg7 {[%emt 0:00:00]} 34. Rfg3 {[%emt 0:00:00]} Nf6 {[%emt 0:01:31]} 35. Rxg7+ {[%emt 0:00:00]} Kf8 {[%emt 0:00:00]} 36. Rg2 {[%emt 0:00:33]} Re1+ {[%emt 0:00:00]} 37. Kh2 {[%emt 0:00:00]} Ra1 {[%emt 0:00:00]} 38. R7g5 {[%emt 0:00:00]} Rxa2 {[%emt 0:00:00]} 39. Rf5 {[%emt 0:00:00]} Nd7 {[%emt 0:00:00]} 40. Rgf2 {[%emt 0:00:00]} Ne5 {[%emt 0:00:00]} 41. Rf6 {[%emt 2:01:22]} a5 {[%emt 1:58:52]} 42. Kg2 {[%emt 0:01:53]} a4 {[%emt 0:01:29]} 43. bxa4 {[%emt 0:00:00]} Rxa4 {[%emt 0:00:00]} 44. Rxd6 {[%emt 0:00:00]} Ra2 {[%emt 0:00:00]} 45. Rd4 {[%emt 0:02:36]} Rb2 {[%emt 0:00:00]} 46. Rd8+ {[%emt 0:01:01]} Kg7 {[%emt 0:00:00]} 47. Rb8 {[%emt 0:00:45]} Nc4 {[%emt 0:01:05]} 48. Rb7 {[%emt 0:01:00]} Rxc2 {[%emt 0:00:00]} 49. Rbxf7+ {[%emt 0:00:00]} Kg6 {[%emt 0:00:00]} 50. Rxc2 {[%emt 0:00:19]} Ne3+ {[%emt 0:00:00]} 51. Kf3 {[%emt 0:00:00]} Nxc2 {[%emt 0:00:00]} 52. Rb7 {[%emt 0:00:00]} h5 {[%emt 0:00:00]} 53. Kf4 {[%emt 0:00:00]} Nd4 {[%emt 0:02:24]} 54. Rb6+ {[%emt 0:00:00]} Kf7 {[%emt 0:00:00]} 55. Rxb4 {[%emt 0:00:00]} Ne6+ {[%emt 0:00:00]} 56. Kf5 {[%emt 0:00:00]} 1-0

[Event "Klatov Bazar Besiny Cup 2018"]
[Site "Klatovy"]
[Date "2018.07.07"]
[Round "8"]
[White "Soural, Jan"]
[Black "Mejzlik, Ondrej"]
[Result "1/2-1/2"]
[WhiteElo "2192"]
[BlackElo "2287"]
[Annotator "NA"]
[PlyCount "34"]
[EventDate "2018.07.01"]
[EventType "swiss"]
[EventCountry "CZE"]
[SourceTitle "playchess.com"]
[Source "ChessBase"]
[SourceQuality "1"]
[TimeControl "40/7200:0"]

1. d4 {[%emt 0:00:00]} d5 {[%emt 0:00:00]} 2. c4 {[%emt 0:00:00]} c6 {[%emt 0:00:00]} 3. Nf3 {[%emt 0:00:00]} Nf6 {[%emt 0:00:00]} 4. e3 {[%emt 0:00:00]} e6 {[%emt 0:00:00]} 5. b3 {[%emt 0:00:00]} Nbd7 {[%emt 0:00:00]} 6. Bd3 {[%emt 0:00:00]} Bd6 {[%emt 0:00:00]} 7. Bb2 {[%emt 0:00:00]} O-O {[%emt 0:00:00]} 8. O-O {[%emt 0:00:13]} Re8 {[%emt 0:00:00]} 9. Ne5 {[%emt 0:04:19]} Qc7 {[%emt 0:01:39]} 10. f4 {[%emt 0:04:43]} Ne4 {[%emt 0:06:01]} 11. Nd2 {[%emt 0:14:27]} f5 {[%emt 0:02:12]} 12. Ndf3 {[%emt 0:15:59]} Ndf6 {[%emt 0:03:16]} 13. c5 {[%emt 0:07:29]} Bf8 {[%emt 0:00:59]} 14. b4 {[%emt 0:00:00]} Bd7 {[%emt 0:05:53]} 15. a4 {[%emt 0:02:43]} Reb8 {[%emt 0:03:50]} 16. Qc2 {[%emt 0:21:01]} Be8 {[%emt 0:13:56]} 17. a5 {[%emt 0:18:26]} h6 1/2-1/2

[Event "Klatov Bazar Besiny Cup 2018"]
[Site "Klatovy"]
[Date "2018.07.07"]
[Round "8"]
[White "Simet, Martin"]
[Black "Jurek, Josef"]
[Result "1/2-1/2"]
[WhiteElo "2182"]
[BlackElo "2277"]
[Annotator "NA"]
[PlyCount "56"]
[EventDate "2018.07.01"]
[EventType "swiss"]
[EventCountry "CZE"]
[SourceTitle "playchess.com"]
[Source "ChessBase"]
[SourceQuality "1"]
[TimeControl "40/7200:0"]

1. d4 {[%emt 0:00:00]} Nf6 {[%emt 0:00:00]} 2. Bf4 {[%emt 0:00:00]} g6 {[%emt 0:00:00]} 3. e3 {[%emt 0:00:00]} Bg7 {[%emt 0:00:00]} 4. Nf3 {[%emt 0:00:00]} d6 {[%emt 0:00:00]} 5. h3 {[%emt 0:00:00]} O-O {[%emt 0:00:00]} 6. c3 {[%emt 0:00:00]} Nbd7 {[%emt 0:01:41]} 7. Be2 {[%emt 0:00:00]} Qe8 {[%emt 0:00:16]} 8. Bh2 {[%emt 0:00:00]} e5 {[%emt 0:00:22]} 9. O-O {[%emt 0:00:00]} Qe7 {[%emt 0:00:00]} 10. a4 {[%emt 0:03:52]} e4 {[%emt 0:01:41]} 11. Nfd2 {[%emt 0:00:00]} Ne8 {[%emt 0:00:43]} 12. Qb3 {[%emt 0:07:07]} Kh8 {[%emt 0:01:14]} 13. Qa3 {[%emt 0:05:12]} f5 {[%emt 0:02:50]} 14. Rd1 {[%emt 0:01:42]} g5 {[%emt 0:04:01]} 15. c4 {[%emt 0:00:00]} Ndf6 {[%emt 0:12:37]} 16. c5 {[%emt 0:15:12]} dxc5 {[%emt 0:08:12]} 17. dxc5 {[%emt 0:00:00]} Nd5 {[%emt 0:01:36]} 18. Bc4 {[%emt 0:03:33]} Nef6 {[%emt 0:15:16]} 19. c6 {[%emt 0:08:10]} Qxa3 {[%emt 0:06:40]} 20. cxb7 {[%emt 0:00:00]} Qxa1 {[%emt 0:05:05]} 21. bxa8=Q {[%emt 0:00:51]} Qxa4 {[%emt 0:01:38]} 22. b3 {[%emt 0:00:00]} Qa5 {[%emt 0:01:21]} 23. Bxd5 {[%emt 0:00:33]} Qxd5 {[%emt 0:03:45]} 24. Qxa7 {[%emt 0:00:00]} f4 {[%emt 0:02:57]} 25. Qxc7 {[%emt 0:00:58]} Qd3 {[%emt 0:08:00]} 26. Re1 {[%emt 0:13:19]} Nd5 {[%emt 0:05:22]} 27. Qc4 {[%emt 0:02:31]} fxe3 {[%emt 0:02:05]} 28. fxe3 {[%emt 0:00:00]} Qxc4 1/2-1/2

[Event "Klatov Bazar Besiny Cup 2018"]
[Site "Klatovy"]
[Date "2018.07.07"]
[Round "8"]
[White "Chmel, Kristian"]
[Black "Vyprachticky, David"]
[Result "0-1"]
[WhiteElo "2121"]
[BlackElo "2301"]
[Annotator "NA"]
[PlyCount "48"]
[EventDate "2018.07.01"]
[EventType "swiss"]
[EventCountry "CZE"]
[SourceTitle "playchess.com"]
[Source "ChessBase"]
[SourceQuality "1"]
[TimeControl "40/7200:0"]

1. e4 {[%emt 0:00:00]} e5 {[%emt 0:00:16]} 2. Nf3 {[%emt 0:00:00]} Nc6 {[%emt 0:00:00]} 3. d4 {[%emt 0:00:00]} exd4 {[%emt 0:00:00]} 4. Nxd4 {[%emt 0:00:00]} Nf6 {[%emt 0:00:48]} 5. Nxc6 {[%emt 0:00:00]} bxc6 {[%emt 0:00:00]} 6. e5 {[%emt 0:00:00]} Qe7 {[%emt 0:00:00]} 7. Qe2 {[%emt 0:00:00]} Nd5 {[%emt 0:00:00]} 8. c4 {[%emt 0:00:00]} Nb6 {[%emt 0:00:00]} 9. b3 {[%emt 0:41:58]} g6 {[%emt 0:09:31]} 10. Bb2 {[%emt 0:09:27]} Bg7 {[%emt 0:00:04]} 11. f4 {[%emt 0:00:29]} a5 {[%emt 0:06:12]} 12. a4 {[%emt 0:18:51]} Ba6 {[%emt 0:04:25]} 13. Nd2 {[%emt 0:04:10]} O-O {[%emt 0:05:53]} 14. O-O-O {[%emt 0:08:30]} Rab8 {[%emt 0:05:34]} 15. h4 {[%emt 0:02:49]} Qb4 {[%emt 0:05:01]} 16. Rh3 {[%emt 0:08:30]} Nxa4 {[%emt 0:00:33]} 17. Ne4 {[%emt 0:00:57]} Nxb2 {[%emt 0:02:25]} 18. Kxb2 {[%emt 0:03:11]} d5 {[%emt 0:01:41]} 19. Nf6+ {[%emt 0:06:43]} Bxf6 {[%emt 0:00:00]} 20. exf6 {[%emt 0:00:00]} Bxc4 {[%emt 0:00:19]} 21. Qc2 {[%emt 0:00:00]} a4 {[%emt 0:01:00]} 22. Bxc4 {[%emt 0:02:33]} dxc4 {[%emt 0:00:00]} 23. Rd4 {[%emt 0:01:12]} a3+ {[%emt 0:01:35]} 24. Ka1 {[%emt 0:03:28]} cxb3 0-1

[Event "Klatov Bazar Besiny Cup 2018"]
[Site "Klatovy"]
[Date "2018.07.08"]
[Round "9"]
[White "Krzyzanowski, Marcin"]
[Black "Straka, Vojtech"]
[Result "1/2-1/2"]
[WhiteElo "2473"]
[BlackElo "2379"]
[Annotator "TA"]
[PlyCount "50"]
[EventDate "2018.07.01"]
[EventType "swiss"]
[EventCountry "CZE"]
[SourceTitle "playchess.com"]
[Source "ChessBase"]
[SourceQuality "1"]

{[%evp 17,50,-7,0,-20,-16,-30,-31,-17,13,0,11,7,21,11,22,19,25,9,3,14,36,34,42,39,26,14,13,14,26,12,16,14,14,15,26]} 1. e4 c5 2. Nf3 Nc6 3. Bb5 g6 4. Bxc6 bxc6 5. O-O Bg7 6. Re1 Nh6 7. d3 {B31: Sizilianisch (Rossolimo-Variante)} (7. c3 O-O 8. d4 cxd4 9. cxd4 d5 10. e5 f6 11. Qc2 Bg4 12. Nbd2 Qb6 13. h3 fxe5 14. hxg4 Nxg4 15. Nc4 dxc4 16. Qxc4+ Kh8 17. Qe6 Rf5 {½-½ (64) Vidit,S (2707)-Gelfand,B (2695) Poikovsky 2018}) 7... O-O 8. Nc3 d6 9. e5 Bg4 {LiveBook: 3 Partien} 10. exd6 exd6 11. h3 Bxf3 $1 12. Qxf3 Qd7 $146 ({Vorgänger:} 12... Nf5 13. Qxc6 Qa5 14. Be3 Rab8 15. Nd5 Rfc8 16. Qd7 Rd8 17. Qc6 Rdc8 18. Qd7 Rd8 19. Qc6 Rdc8 {½-½ (19) Lin,C (2475)-Bai,J (2585) China 2017}) 13. Bg5 f6 14. Bd2 Rab8 15. b3 f5 16. Rad1 Rfe8 17. Ne2 Nf7 18. Nf4 Rxe1+ (18... Be5 {feels hotter.} 19. h4 Bf6 20. Qg3 Ne5 21. h5 g5) 19. Rxe1 Re8 20. Rxe8+ Qxe8 21. Qe2 (21. h4 {looks sharper.} Nd8 22. Kf1 Qe5 23. Qe2 Qa1+ 24. Qe1) 21... Qxe2 22. Nxe2 Kf8 23. Be3 Ke7 {Die Stellung ist ausgeglichen.} 24. h4 Bf6 25. g3 Nd8 {Precision: Weiß = 28%, Schwarz = 43%.} 1/2-1/2

[Event "Klatov Bazar Besiny Cup 2018"]
[Site "Klatovy"]
[Date "2018.07.08"]
[Round "9"]
[White "Xu, XianLiang"]
[Black "Bures, Jaroslav"]
[Result "1/2-1/2"]
[WhiteElo "2430"]
[BlackElo "2406"]
[Annotator "TA"]
[PlyCount "37"]
[EventDate "2018.07.01"]
[EventType "swiss"]
[EventCountry "CZE"]
[SourceTitle "playchess.com"]
[Source "ChessBase"]
[SourceQuality "1"]

{[%evp 31,37,39,26,0,38,38,46,37]} 1. e4 c6 2. d4 d5 3. exd5 cxd5 4. c4 Nf6 5. Nc3 Nc6 6. Nf3 Bg4 7. cxd5 Nxd5 8. Qb3 Bxf3 9. gxf3 e6 10. Qxb7 Nxd4 11. Bb5+ Nxb5 12. Qc6+ Ke7 13. Qxb5 Nxc3 14. bxc3 Rb8 {B13: Caro-Kann: Exchange Variation and Panov-Botvinnik Attack} (14... Qd7 15. Rb1 Rd8 16. Be3 Qxb5 17. Rxb5 Rd7 18. Ke2 g6 19. Bc5+ Kf6 20. Bd4+ Rxd4 21. cxd4 Bh6 22. Rhb1 Rd8 {1-0 (38) Ivanchuk,V (2738)-Vachier Lagrave,M (2796) Leuven 2017}) 15. Qc5+ Ke8 16. Qxa7 Bd6 {LiveBook: 18 Games} 17. Be3 Ra8 18. Qb7 Qc8 $146 ({Predecessor:} 18... Rb8 19. Qc6+ Qd7 20. Qxd7+ Kxd7 21. a4 Rb3 22. Kd2 {1-0 (41) Nigrin,J (2107)-Cakl,M (2123) ICCF email 2012}) 19. Qxc8+ 1/2-1/2

[Event "Klatov Bazar Besiny Cup 2018"]
[Site "Klatovy"]
[Date "2018.07.08"]
[Round "9"]
[White "Pulpan, Jakub"]
[Black "Neuman, Petr"]
[Result "1/2-1/2"]
[WhiteElo "2386"]
[BlackElo "2432"]
[Annotator "ChessBase"]
[PlyCount "58"]
[EventDate "2018.07.01"]
[EventType "swiss"]
[EventCountry "CZE"]
[SourceTitle "playchess.com"]
[Source "ChessBase"]
[SourceQuality "1"]
[TimeControl "40/7200:0"]

1. e4 {[%emt 0:07:40]} c6 {[%emt 0:00:00]} 2. Nf3 {[%emt 0:01:39]} d5 {[%emt 0:00:00]} 3. Nc3 {[%emt 0:00:00]} dxe4 {[%emt 0:00:00]} 4. Nxe4 {[%emt 0:00:00]} Nf6 {[%emt 0:00:00]} 5. Nxf6+ {[%emt 0:00:00]} exf6 {[%emt 0:00:00]} 6. d4 {[%emt 0:00:00]} Bd6 {[%emt 0:00:00]} 7. Be2 {[%emt 0:04:09]} O-O {[%emt 0:00:00]} 8. O-O {[%emt 0:00:00]} Nd7 {[%emt 0:00:00]} 9. c4 {[%emt 0:01:38]} f5 {[%emt 0:04:49]} 10. b3 {[%emt 0:00:19]} Nf6 {[%emt 0:00:09]} 11. Bb2 {[%emt 0:00:00]} Re8 {[%emt 0:00:00]} 12. a3 {[%emt 0:05:19]} Ne4 {[%emt 0:18:48]} 13. Re1 {[%emt 0:11:54]} a6 {[%emt 0:18:40]} 14. b4 {[%emt 0:02:09]} b5 {[%emt 0:02:37]} 15. d5 {[%emt 0:11:32]} c5 {[%emt 0:01:09]} 16. cxb5 {[%emt 0:01:26]} axb5 {[%emt 0:02:06]} 17. Bxb5 {[%emt 0:06:29]} Bd7 {[%emt 0:00:03]} 18. Bc6 {[%emt 0:25:51]} Rb8 {[%emt 0:18:05]} 19. bxc5 {[%emt 0:04:21]} Bxc5 {[%emt 0:03:13]} 20. Bd4 {[%emt 0:02:13]} Bxc6 {[%emt 0:03:31]} 21. dxc6 {[%emt 0:01:00]} Qd5 {[%emt 0:00:02]} 22. c7 {[%emt 0:04:36]} Rbc8 {[%emt 0:02:17]} 23. Qa4 {[%emt 0:02:27]} Re7 {[%emt 0:02:28]} 24. Rac1 {[%emt 0:09:54]} Rexc7 {[%emt 0:00:18]} 25. Bxc5 {[%emt 0:03:16]} Rxc5 {[%emt 0:00:35]} 26. Rcd1 {[%emt 0:00:48]} Qa8 {[%emt 0:00:36]} 27. Qxa8 {[%emt 0:03:30]} Rxa8 {[%emt 0:04:39]} 28. Rd3 {[%emt 0:00:51]} g6 {[%emt 0:00:08]} 29. g4 {[%emt 0:03:19]} Nf6 {[%emt 0:05:06]} 1/2-1/2

[Event "Klatov Bazar Besiny Cup 2018"]
[Site "Klatovy"]
[Date "2018.07.08"]
[Round "9"]
[White "Simek, Petr"]
[Black "Hollan, Martin"]
[Result "1-0"]
[WhiteElo "2354"]
[BlackElo "2341"]
[Annotator "NA"]
[PlyCount "101"]
[EventDate "2018.07.01"]
[EventType "swiss"]
[EventCountry "CZE"]
[SourceTitle "playchess.com"]
[Source "ChessBase"]
[SourceQuality "1"]
[TimeControl "40/7200:0"]

1. d4 {[%emt 0:00:00]} Nf6 {[%emt 0:00:00]} 2. c4 {[%emt 0:00:00]} g6 {[%emt 0:00:00]} 3. g3 {[%emt 0:00:00]} Bg7 {[%emt 0:00:00]} 4. Bg2 {[%emt 0:00:00]} d6 {[%emt 0:00:00]} 5. Nc3 {[%emt 0:00:00]} O-O {[%emt 0:00:00]} 6. Nf3 {[%emt 0:00:00]} Nbd7 {[%emt 0:00:00]} 7. O-O {[%emt 0:00:00]} e5 {[%emt 0:00:00]} 8. Qc2 {[%emt 0:00:00]} exd4 {[%emt 0:00:00]} 9. Nxd4 {[%emt 0:00:00]} Nb6 {[%emt 0:00:00]} 10. Rd1 {[%emt 0:02:39]} Nxc4 {[%emt 0:00:00]} 11. Ncb5 {[%emt 0:11:38]} a6 {[%emt 0:00:00]} 12. Qxc4 {[%emt 0:05:21]} axb5 {[%emt 0:00:00]} 13. Nxb5 {[%emt 0:00:00]} Ne8 {[%emt 0:00:00] LiveBook: 18 Games E67: King's Indian: Fianchetto: 6...Nbd7} 14. Qc2 {[%emt 0:22:14]} (14. Qb4 Be6 15. Be3 Qe7 16. Nc3 Nf6 17. Qh4 Ra5 18. Bg5 h6 19. Bxh6 Rh5 20. Bxg7 Rxh4 21. Bxf8 Kxf8 22. gxh4 {0-1 (44) Zhou,W (2606)-Yu,Y (2750) China 2017}) 14... Bf5 {[%emt 0:13:29]} 15. e4 {[%emt 0:00:59]} Bg4 {[%emt 0:07:10]} 16. f3 {[%emt 0:02:54]} Be6 {[%emt 0:07:24]} 17. Nc3 {[%emt 0:03:17]} c6 {[%emt 0:04:25]} 18. Be3 {[%emt 0:03:37]} b5 $146 {[%emt 0:06:16]} ({Predecessor:} 18... Qa5 19. a3 f5 20. Bd4 Bxd4+ 21. Rxd4 f4 22. Ne2 fxg3 23. hxg3 Qb6 24. Rf1 Ra5 25. Rf2 Nf6 26. Qd2 Bc8 27. Nc3 {½-½ (27) Hardicsay,P (2245)-Gorcsi,G (2304) Zalakaros 2016}) 19. a3 {[%emt 0:06:51]} Qb8 {[%emt 0:00:23]} 20. Ne2 {[%emt 0:02:03]} Bc4 {[%emt 0:06:53]} 21. Bd4 {[%emt 0:05:21]} Nf6 {[%emt 0:12:05]} 22. b3 {[%emt 0:02:27]} Bxe2 {[%emt 0:14:03]} 23. Qxe2 {[%emt 0:00:00]} Nd7 {[%emt 0:00:16]} 24. Bxg7 {[%emt 0:08:25]} Kxg7 {[%emt 0:00:00]} 25. f4 {[%emt 0:00:00]} b4 {[%emt 0:05:04]} 26. a4 {[%emt 0:00:12]} Kg8 {[%emt 0:00:00]} 27. Qc4 {[%emt 0:00:55]} Qb6+ {[%emt 0:06:08]} 28. Kh1 {[%emt 0:00:03]} Nf6 {[%emt 0:06:41]} 29. Rxd6 {[%emt 0:06:06]} Ng4 {[%emt 0:00:00]} 30. Qd4 {[%emt 0:00:00]} (30. Qxc6 {gets mated.} Nf2+ 31. Kg1 Nh3+ 32. Kh1 {[#]} Qg1+ $1 {[%mdl 512]} 33. Rxg1 Nf2#) (30. Bf3 $18 Rad8 31. e5 (31. Bxg4 Rxd6 32. e5 Rd2 $17) (31. Rxc6 Qf2 $16) (31. Qxc6 Nf2+ 32. Kg2 Rxd6 $14) 31... Rxd6 32. exd6) 30... Qxd4 {[%emt 0:00:00]} 31. Rxd4 {[%emt 0:00:00]} c5 {[%emt 0:00:32]} 32. Rd2 {[%emt 0:00:59]} Rfc8 {[%emt 0:09:02]} 33. Bf1 {[%emt 0:03:44]} Rc7 {[%emt 0:08:04]} 34. Bb5 {[%emt 0:01:26]} Nf6 {[%emt 0:00:18]} 35. Re1 {[%emt 0:01:14]} Kf8 {[%emt 0:00:00]} 36. Kg2 {[%emt 0:02:06]} Ke7 {[%emt 0:00:00]} 37. e5 {[%emt 0:03:49]} Nd7 {[%emt 0:00:00]} 38. Rd6 {[%emt 0:02:28]} Nf8 {[%emt 0:00:00]} 39. Red1 {[%emt 0:00:12]} Ne6 {[%emt 0:00:00]} 40. Rd7+ {[%emt 0:00:00]} Kf8 {[%emt 0:00:00]} 41. Bc4 {[%emt 2:00:55]} Raa7 {[%emt 1:59:01]} 42. Rxc7 {[%emt 0:00:04]} Rxc7 {[%emt 0:00:00]} 43. Rd6 {[%emt 0:01:03]} Nd4 {[%emt 0:00:00]} 44. Rb6 {[%emt 0:03:06]} Nf5 $18 {[%emt 0:00:33]} (44... Nxb3 {ist eine bessere Verteidigung.} 45. Bxb3 c4) 45. Kf3 {[%emt 0:00:10]} h5 {[%emt 0:01:34]} 46. a5 {[%emt 0:00:33]} Nd4+ {[%emt 0:00:00]} 47. Ke4 {[%emt 0:00:36]} Nc6 {[%emt 0:00:00]} 48. a6 {[%emt 0:02:29]} Na5 {[%emt 0:00:00]} 49. Bd5 {[%emt 0:00:00]} c4 {[%emt 0:00:00]} 50. bxc4 {[%emt 0:00:00]} b3 {[%emt 0:00:00]} 51. Kd4 {[%emt 0:00:07]} 1-0